Eastern Utah Libraries Catalog: Duchesne, Heber, Roosevelt, & Vernal

The life & work of Mark Twain. (Record no. 270433)

MARC details
000 -LEADER
fixed length control field 02453cim a2200433Ia 4500
001 - CONTROL NUMBER
control field ocm53055581
003 - CONTROL NUMBER IDENTIFIER
control field OCoLC
005 - DATE AND TIME OF LATEST TRANSACTION
control field 20200320183450.0
007 - PHYSICAL DESCRIPTION FIXED FIELD--GENERAL INFORMATION
fixed length control field sd fungnn|||ed
008 - FIXED-LENGTH DATA ELEMENTS--GENERAL INFORMATION
fixed length control field 030919s2002 vaunnn z l eng d
020 ## - INTERNATIONAL STANDARD BOOK NUMBER
International Standard Book Number 1565855124 :
Terms of availability $90.00
020 ## - INTERNATIONAL STANDARD BOOK NUMBER
International Standard Book Number 9781565855120
020 ## - INTERNATIONAL STANDARD BOOK NUMBER
Terms of availability 89.98
028 02 - PUBLISHER NUMBER
Publisher number 2566
Source Teaching Co.
035 ## - SYSTEM CONTROL NUMBER
System control number (OCoLC)53055581
040 ## - CATALOGING SOURCE
Original cataloging agency DZM
Transcribing agency DZM
Modifying agency OCLCQ
-- OCLCG
-- WACOL
049 ## - LOCAL HOLDINGS (OCLC)
Holding library WACL
092 0# - LOCALLY ASSIGNED DEWEY CALL NUMBER (OCLC)
Classification number 818.409
Edition number 21
092 ## - LOCALLY ASSIGNED DEWEY CALL NUMBER (OCLC)
Classification number CD 818.409
Item number Rai
100 1# - MAIN ENTRY--PERSONAL NAME
Personal name Railton, Stephen,
Dates associated with a name 1948-
9 (RLIN) 5851425
245 14 - TITLE STATEMENT
Title The life & work of Mark Twain.
Medium [sound recording] /
Statement of responsibility, etc Stephen Railton.
246 3# - VARYING FORM OF TITLE
Title proper/short title Life and work of Mark Twain
260 ## - PUBLICATION, DISTRIBUTION, ETC. (IMPRINT)
Place of publication, distribution, etc Chantilly, VA :
Name of publisher, distributor, etc Teaching Co.,
Date of publication, distribution, etc [2002?], c2002.
300 ## - PHYSICAL DESCRIPTION
Extent 6 sound discs :
Other physical details digital ;
Dimensions 4 3/4 in. +
Accompanying material 1 course guide (ii, 65 p. : ill. ; 22 cm.)
440 #0 - SERIES STATEMENT/ADDED ENTRY--TITLE
Title Great courses on tape
9 (RLIN) 5851426
500 ## - GENERAL NOTE
General note Compact discs.
511 0# - PARTICIPANT OR PERFORMER NOTE
Participant or performer note Lectures delivered by Professor Stephen Railton, University of Virginia.
504 ## - BIBLIOGRAPHY, ETC. NOTE
Bibliography, etc Course guide includes bibliography.
520 ## - SUMMARY, ETC.
Summary, etc Professor Stephen Railton of the University of Virginia explores the private persona behind the public figure through literary analysis of some of his Mark Twain's most representative works.
505 00 - FORMATTED CONTENTS NOTE
Title Huck Finn, I: defining an american voice --
-- Huck Finn, II: the quest for freedom --
-- Huck Finn, III: the great american novel? --
-- Huck Finn, IV: classrooms and controversy --
-- Connecticut Yankee, I: unwriting the middle ages --
-- Connecticut Yankee, II: revisiting the 19th century --
-- Connecticut Yankee, III: the quest for status --
-- Pudd'nhead Wilson fictions of law and custom --
-- Anti-Imperialist works --
-- Late Twain in public
-- Late Twain in private --
-- Sam Clemens is dead ;
-- Long live Mark Twain.
600 10 - SUBJECT ADDED ENTRY--PERSONAL NAME
Personal name Twain, Mark,
Dates associated with a name 1835-1910
General subdivision Criticism and interpretation.
9 (RLIN) 5851427
600 10 - SUBJECT ADDED ENTRY--PERSONAL NAME
Personal name Twain, Mark,
Dates associated with a name 1835-1910.
9 (RLIN) 5851428
710 2# - ADDED ENTRY--CORPORATE NAME
Corporate name or jurisdiction name as entry element Teaching Company.
9 (RLIN) 5712390
942 ## - ADDED ENTRY ELEMENTS (KOHA)
Koha item type CD
948 ## - LOCAL PROCESSING INFORMATION (OCLC); SERIES PART DESIGNATOR (RLIN)
Series part designator, SPT (RLIN) 06/26/2009
b (OCLC) 06/26/2009
z (OCLC) Sirsi
994 ## -
-- 02
-- WACOL
996 ## -
-- 71241
-- 34301000860348
-- CD
-- CD
-- wcl
-- i
-- 2
-- 89.98
-- .CIRCNOTE. 6 discs; 1 booklet
-- .PUBLIC. 6 discs; 1 booklet
-- The Teaching Company
-- 818.409 Rai
-- Part 1
-- 06/26/2009
-- 10/23/2012
-- 08/13/2010
996 ## -
-- 71241
-- 34301000860439
-- CD
-- CD
-- wcl
-- i
-- 1
-- 89.95
-- .CIRCNOTE. 6 discs, 1 booklet
-- .PUBLIC. 6 discs; 1 booklet
-- Teaching Company
-- 818.409 Rai
-- part 2
-- 06/29/2009
-- 10/23/2012
-- 08/25/2009
Holdings
Withdrawn status Lost status Source of classification or shelving scheme Materials specified (bound volume or other part) Damaged status Not for loan Collection code Home library Current library Shelving location Date acquired Cost, normal purchase price Serial Enumeration / chronology Total Checkouts Full call number Barcode Date last seen Date checked out Cost, replacement price Price effective from Koha item type Public note
    Dewey Decimal Classification .CIRCNOTE. 6 discs, 1 booklet     Audiobooks Wasatch County Library Wasatch County Library Second Floor 06/29/2009 89.95 part 2 1 CD 818.409 Rai 34301000860439 07/18/2024 08/25/2009 89.95 03/20/2020 Audiobook on CD .PUBLIC. 6 discs; 1 booklet
    Dewey Decimal Classification .CIRCNOTE. 6 discs; 1 booklet     Audiobooks Wasatch County Library Wasatch County Library Second Floor 06/26/2009 89.98 Part 1 2 CD 818.409 Rai 34301000860348 07/18/2024 08/13/2010 89.98 03/20/2020 Audiobook on CD .PUBLIC. 6 discs; 1 booklet
This project was made possible through a grant from the Institute of Museum and Library Service administered by the Utah State Library Division.

Wasatch County Library

  • 465 East 1200 South, Heber City, Utah 84032
  • Phone 435-654-1511 | Fax 435-654-6456

Hours

  • Monday - Friday 9:30 AM - 8:00 PM
  • Saturday 9:30 AM - 1:30 PM
  • Closed Sundays and Holidays